[Event "GAMMA Reykjavik Open 2018"]
[Site "Reykjavik"]
[Date "2018.03.08"]
[Round "4"]
[White "Vaibhav, Suri"]
[Black "Yilmaz, Mustafa"]
[Result "0-1"]
[WhiteElo "2544"]
[BlackElo "2619"]
[Annotator "TA"]
[PlyCount "78"]
[EventDate "2018.03.14"]
[EventType "swiss"]
[EventCountry "ISL"]
[SourceTitle "playchess.com"]
[Source "ChessBase"]
[SourceQuality "1"]

{[%evp 18,78,15,8,0,0,14,0,0,-14,-15,-12,-10,-13,-13,-11,-11,-30,-24,-33,0,0,-3,-32,-26,-42,-24,-27,-26,-47,-17,-31,0,0,0,0,0,-39,-29,-121,-142,-167,-167,-202,-217,-196,-72,-268,-224,-391,-402,-404,-398,-370,-382,-557,-449,-458,-450,-568,-558,-817,-776]} 1. e4 c5 2. Nf3 d6 3. d4 cxd4 4. Nxd4 Nf6 5. Nc3 a6 6. Be2 e5 7. Nf3 Be7 8. Bg5 Be6 {B92: Sicilian Najdorf: 6 Be2} 9. Bxf6 Bxf6 10. Qd2 {LiveBook: 3 Games} (10. O-O Be7 11. Nd5 Nd7 12. Bc4 Rc8 13. Qe2 Nb6 14. Nxb6 Qxb6 15. Bb3 O-O 16. Rfd1 {1-0 (55) Caruana,F (2794)-Grischuk,A (2785) Saint Louis 2017}) 10... Be7 {The position is equal.} 11. Nd5 Nd7 $146 ({Find the theoretical novelty and annotate with similar games:} 11... Bxd5 12. Qxd5 Nc6 13. c3 O-O 14. O-O Qc7 15. a4 {1-0 (45) Pietzsch,W-Schlieder,R Schwerin 1951}) 12. Rd1 Rc8 13. c3 Rc6 14. O-O Nf6 15. Qc2 {Threatens to win with Nxe5.} Bxd5 16. exd5 Rc8 17. c4 O-O 18. b4 Re8 19. Qb3 Bf8 20. Rfe1 g6 21. Bf1 Bh6 22. g3 Nd7 23. a3 Bg7 24. h4 Bh6 25. c5 dxc5 {Hoping for ...b5.} 26. d6 $1 b5 27. bxc5 e4 $36 {[%mdl 2048] Black has the initiative.} ({Don't play} 27... Nxc5 $6 28. Qd5 $14) 28. Nh2 (28. Ng5 $1 $11 Bxg5 29. hxg5) 28... Nxc5 $17 29. Qd5 Qd7 30. Bg2 {[#]} Bg7 $1 31. Ng4 h5 (31... Qxg4 $19 32. d7 {[#]} Qxd7 $1 {[%mdl 512]} 33. Qxd7 Nxd7 34. Rxd7 f5) 32. Ne3 $2 (32. Rc1 $17) 32... Nd3 33. Bxe4 $2 (33. Rf1 Re5 34. Qb3) 33... Nxe1 $19 34. Rxe1 Re6 35. Rd1 Rd8 36. Nf5 (36. Qd3 $142) 36... Bf8 {Black is clearly winning.} 37. Bb1 Rde8 ({Weaker is} 37... gxf5 38. Bxf5 Rde8 39. Qf3 $19) 38. Kh2 Re5 39. Ne7+ R8xe7 $1 {Precision: White = 35%, Black = 69%.} 0-1

[Event "GAMMA Reykjavik Open 2018"]
[Site "Reykjavik"]
[Date "2018.03.08"]
[Round "4"]
[White "Brunello, Sabino"]
[Black "Soham Das"]
[Result "1-0"]
[WhiteElo "2542"]
[BlackElo "2275"]
[Annotator "TA"]
[PlyCount "73"]
[EventDate "2018.03.14"]
[EventType "swiss"]
[EventCountry "ISL"]
[SourceTitle "playchess.com"]
[Source "ChessBase"]
[SourceQuality "1"]

{[%evp 18,73,12,0,0,0,-18,-12,0,-34,-36,-43,-39,-41,-8,0,-15,-19,-15,-33,19,14,31,18,46,35,181,170,166,154,206,193,179,183,174,180,178,187,221,235,316,313,328,324,352,333,494,391,706,427,755,755,1043,997,5235,3587,29984,29985]} 1. d4 f5 2. g3 Nf6 3. Bg2 g6 4. Nh3 Bg7 5. Nf4 Nc6 6. d5 Ne5 {A81: Holländische Verteidigung (Leningrader Variante)} 7. Nc3 (7. Nd2 Nf7 8. O-O e6 9. dxe6 dxe6 10. Nc4 O-O 11. Qxd8 Rxd8 12. Nd3 c6 13. a4 Nd5 14. e4 {0-1 (56) Demidov,M (2523)-Kamsky,G (2676) Sochi 2017}) 7... c6 8. e4 d6 9. O-O O-O 10. h3 {LiveBook: 3 Partien} fxe4 11. Nxe4 Nxe4 12. Bxe4 e6 13. dxc6 $146 ({Vorgänger:} 13. Nxe6 Bxe6 14. dxe6 {½-½ (41) Ould Ahmed,S (2411)-Spitz,P (2491) ICCF email 2011}) 13... bxc6 14. Bg2 d5 15. Rb1 Nc4 16. b3 Rb8 17. h4 Nd6 18. Be3 e5 {[#]} (18... Qc7 $15) 19. Nxd5 $1 $11 {[%mdl 512]} cxd5 20. Qxd5+ Kh8 {Und weiter mit ...Lb7 wäre nett.} 21. Rbd1 Ba6 (21... Rb7 $1 $14) 22. Qxd6 $18 Bxf1 23. Bxf1 Qa5 (23... e4 $16 {ist eine bessere Verteidigung.} 24. Bg2 (24. Bxa7 Qxd6 25. Rxd6 Ra8 $16) 24... Qa5) 24. Qe7 {Weiss droht Td7 und Matt.} Bf6 25. Qxa7 Qxa7 26. Bxa7 Ra8 27. Rd7 Rfd8 28. Rf7 Rd1 29. Kg2 e4 30. Be3 Bg7 31. a4 {[%cal Ba2a4,Ba4a5][%mdl 32]} Rc8 (31... Rdd8 $142 32. Bb5 Bd4) 32. Bc4 Rb1 $2 (32... Bc3 33. Re7 Ra1) 33. Bd5 Re8 (33... Rd1 $142 34. Bxe4 Re8) 34. a5 Ra1 {[#]} 35. Rxg7 $1 {[%mdl 512] Weiss will mit Ld4 Matt setzen.} Rd1 (35... Kxg7 36. Bd4+) 36. Rd7 Re5 37. c4 {Precision: Weiß = 68%, Schwarz = 32%.} 1-0

[Event "GAMMA Reykjavik Open 2018"]
[Site "Reykjavik"]
[Date "2018.03.08"]
[Round "4"]
[White "Nihal Sarin"]
[Black "Adly, Ahmed"]
[Result "1-0"]
[WhiteElo "2534"]
[BlackElo "2643"]
[Annotator "TA"]
[PlyCount "135"]
[EventDate "2018.03.14"]
[EventType "swiss"]
[EventCountry "ISL"]
[SourceTitle "playchess.com"]
[Source "ChessBase"]
[SourceQuality "1"]

{[%evp 13,135,3,29,16,23,15,27,9,26,19,20,5,22,14,32,21,35,22,29,27,35,28,56,46,62,63,82,76,67,83,115,44,53,45,56,50,53,48,56,45,60,52,50,49,50,47,68,49,89,68,116,109,145,143,151,149,154,162,223,137,147,108,157,161,167,147,175,164,234,164,160,162,149,158,149,149,133,113,113,113,113,113,126,126,126,126,126,126,126,126,126,126,1154,1134,1093,999,929,814,1264,994,2437,2436,6012,5089,4746,948,4554,2307,5953,5580,11690,9216,29966,29967,29966,29966,29980,29982,29983,29984,29986,29987,29997,29998]} 1. d4 d5 2. c4 e6 3. Nf3 Nf6 4. Nc3 Be7 5. Bf4 O-O 6. a3 {D37: Queen's Gambit Declined: 5 Bf4} (6. e3 Nbd7 7. a3 c5 8. cxd5 Nxd5 9. Nxd5 exd5 10. dxc5 Nxc5 11. Be5 Bf5 12. Be2 Bf6 13. O-O Be4 14. Rc1 Ne6 {0-1 (38) Mamedyarov,S (2799)-Carlsen,M (2837) Riadh 2017}) 6... b6 7. e3 Ba6 {LiveBook: 4 Games} 8. Nb5 {White has an edge.} Ne8 $146 ({Predecessor:} 8... Bd6 9. Nxd6 cxd6 10. Rc1 dxc4 11. Bxc4 Bxc4 12. Rxc4 b5 {1-0 (49) Werner,D (2315)-Lamb,H (2139) Berlin 2006}) 9. cxd5 Qxd5 10. Nc3 Qb7 $1 11. Bxa6 Nxa6 12. O-O c5 13. Nb5 Rd8 14. Qa4 $36 {[%mdl 2048] White has the initiative.} Bd6 15. dxc5 Bxf4 $1 16. c6 Qxc6 {...Nec7 is the strong threat.} 17. Qxa6 Bb8 18. Rac1 ({Avoid the trap} 18. Nxa7 $2 Qa8 $19) 18... Qd5 19. Nbd4 {Black must now prevent Nc6.} Nf6 20. Nc6 {Strongly threatening Ne7+.} Rd7 21. Qa4 b5 22. Qc2 (22. Qa6 $16) 22... Qd3 $14 23. Nfd4 Qxc2 24. Rxc2 Rb7 25. Na5 Rb6 26. Ndc6 Re8 27. Rd1 Kf8 28. f3 Nd5 29. Kf2 f5 30. Nxb8 Rbxb8 31. Nc6 Rb7 32. Nd4 $1 Nf6 33. b4 Rb6 34. Rdc1 $1 e5 35. Nxf5 Ra6 (35... g6 {is a better defense.}) 36. e4 Rxa3 37. Nd6 Rd8 38. Nxb5 Ra4 39. Rc8 Ke7 40. R1c7+ Nd7 (40... Rd7 {was worth a try.} 41. Rxd7+ Nxd7) 41. Rxd8 Kxd8 42. Rxa7 Rxb4 $18 {[%mdl 4096] Endgame KRN-KRN} 43. Nc3 Rb2+ 44. Kg3 Ke7 45. Ra2 Rxa2 46. Nxa2 $16 {KN-KN} Nc5 47. Nb4 Kd6 48. h4 {[%cal Bh2h4,Bh4h5,Bh5h6][%mdl 32]} Ne6 49. Nd3 Nf8 50. Kg4 Ke6 51. h5 Nd7 52. Kg5 Nb6 $2 {[%mdl 8192]} (52... Nf6 $16 53. g3 Ne8) 53. h6 $1 $18 g6 54. f4 Nc4 55. fxe5 Kf7 56. Kf4 Ke7 57. Nf2 g5+ 58. Kxg5 Nxe5 59. Ng4 Nf7+ 60. Kf4 Ke6 61. e5 Nh8 62. Nf6 Ng6+ {[#]} 63. Kg5 $1 {White mates.} Nxe5 64. Nxh7 Kf7 65. Kf5 Nc4 {[#]} 66. Ng5+ $1 Kg8 67. Kf6 Ne3 68. h7+ {Precision: White = 79%, Black = 49%.} 1-0

[Event "GAMMA Reykjavik Open 2018"]
[Site "Reykjavik"]
[Date "2018.03.08"]
[Round "4"]
[White "Stefansson, Hannes"]
[Black "Loew, Gerald"]
[Result "1-0"]
[WhiteElo "2533"]
[BlackElo "2204"]
[Annotator "TA"]
[PlyCount "51"]
[EventDate "2018.03.14"]
[EventType "swiss"]
[EventCountry "ISL"]
[SourceTitle "playchess.com"]
[Source "ChessBase"]
[SourceQuality "1"]

{[%evp 14,51,45,37,58,56,78,77,114,93,158,151,152,141,555,544,520,558,581,560,545,554,597,584,570,577,582,500,598,591,638,636,605,613,780,779,774,759,1010,1015]} 1. e4 d6 2. d4 Nf6 3. Nc3 e5 4. Nf3 Nbd7 5. Bc4 Be7 6. O-O c6 7. a4 a5 {C41: Philidor Defence} 8. h3 {LiveBook: 6 Games} (8. Re1 O-O 9. h3 Qc7 10. Be3 Nb6 11. Ba2 Nfd7 12. Qe2 Bf6 13. d5 Be7 14. Rad1 Nf6 15. Nd2 Bd7 16. Nc4 Nxc4 17. Qxc4 Rac8 18. Qb3 cxd5 {1-0 (80) Howell,D (2644)-Maghsoodloo,P (2584) Doha 2016}) 8... h6 9. Be3 Qc7 {White is slightly better.} 10. Nh4 $146 ({Predecessor:} 10. Qe2 Nf8 11. dxe5 dxe5 12. Nh4 Be6 13. Nf5 Bxf5 14. exf5 {½-½ (103) Karavade,E (2409)-Czebe,A (2454) Zalakaros 2016}) 10... g6 11. Ba2 Nf8 {[#]} (11... Rh7 $142) 12. f4 $1 $16 {[%cal Bf2f4,Bf4f5,Bf5g6,Bg6g7][%mdl 32]} exd4 13. Bxd4 {e5 is the strong threat.} Ne6 $2 {[%mdl 8192]} (13... Be6 $16 {is tougher.}) 14. Bxe6 $18 {White is clearly winning.} Bxe6 15. f5 Bc4 16. fxg6 Bxf1 17. Qxf1 O-O-O 18. g7 Rhg8 19. Bxf6 Rde8 20. Bxe7 Rxe7 21. Nf5 Re6 22. Qf2 Kb8 23. Rd1 Rd8 24. Ne2 Rg6 25. Nf4 Rg5 26. h4 {Precision: White = 84%, Black = 16%.} 1-0

[Event "GAMMA Reykjavik Open 2018"]
[Site "Reykjavik"]
[Date "2018.03.08"]
[Round "4"]
[White "Abdusattorov, Nodirbek"]
[Black "Lagarde, Maxime"]
[Result "1/2-1/2"]
[WhiteElo "2518"]
[BlackElo "2587"]
[Annotator "TA"]
[PlyCount "128"]
[EventDate "2018.03.14"]
[EventType "swiss"]
[EventCountry "ISL"]
[SourceTitle "playchess.com"]
[Source "ChessBase"]
[SourceQuality "1"]

{[%evp 15,128,0,14,8,5,0,7,10,16,9,16,14,12,15,18,21,20,17,21,25,22,16,77,73,80,80,78,82,161,168,189,148,275,271,314,316,297,221,300,221,212,199,229,131,108,71,115,57,111,99,95,30,51,30,30,30,30,30,30,30,30,30,62,54,70,67,70,12,70,67,67,67,70,63,70,70,56,23,54,54,54,54,52,1,1,8,71,0,0,0,71,76,83,85,85,83,339,275,277,328,297,0,0,0,0,0,0,0,0,0,0,0,0,0,0]} 1. e4 e6 2. d4 d5 3. Nd2 Be7 4. e5 c5 5. c3 cxd4 6. cxd4 {C03: Französische Verteidigung (Tarrasch-Variante)} Qb6 7. Ndf3 Bb4+ 8. Bd2 Nc6 {LiveBook: 10 Partien} 9. Bc3 Bd7 10. Qd2 Nge7 $146 ({Vorgänger:} 10... f6 11. Bd3 Nge7 12. Ne2 Bxc3 13. bxc3 fxe5 14. Nxe5 Nxe5 15. dxe5 {1-0 (65) Mamedov,R (2680)-Anton Guijarro,D (2654) Kocaeli 2017}) 11. Bd3 O-O 12. Ne2 f6 13. O-O fxe5 14. Nxe5 Nxe5 15. Bxb4 Nxd3 16. Bxe7 Rf7 17. Ba3 Bb5 18. f4 Rc8 (18... Re8 $11 {bleibt in der Remisbreite.}) 19. Rf3 $1 $16 {[#]} Nb4 $1 {[%mdl 512]} 20. Bxb4 {Te3 ist eine echte Drohung.} Bxe2 21. Bc5 $1 $36 {[%cal Rc5b6][%mdl 2048] Weiss bestimmt, wo es lang geht.} Rxc5 (21... Qa6 $16 22. Rc3 b6) 22. dxc5 $18 Qxc5+ 23. Re3 Bg4 (23... Bb5 $16) 24. Rc1 Qb6 25. Rc8+ Rf8 26. Rxf8+ $1 Kxf8 {[%mdl 4096] Endspiel KDT-KDL} 27. h3 Bf5 28. Kh2 Be4 29. h4 ({Auf keinen Fall} 29. Rb3 $6 Qc7 $16) ({Besser ist} 29. Qc1 $18 Kf7 30. Rb3) 29... h6 30. h5 Qd8 31. Qf2 (31. Kg3 $16 Qe8 32. Qb4+ Kg8 33. Qxb7) 31... Qf6 (31... Bf5 $14) 32. Rc3 $16 Kg8 33. Kg1 (33. g4 $1 $16) 33... Kh7 $11 34. Rc7 e5 35. fxe5 Qxe5 36. Rxb7 Qxh5 37. Qd2 Qg4 38. Rf7 a6 39. Rf2 Qg3 40. b4 Qe5 41. Qb2 (41. Qe1 $14) 41... Qg3 (41... d4 $1 $11) 42. Qd4 Qc7 43. Qe3 Qe5 44. Rd2 Qa1+ 45. Kh2 Qc1 46. a4 Qc6 47. Qb3 Qf6 48. Kg1 Qb6+ 49. Rf2 (49. Kh1 $14) 49... Qd4 50. b5 Qa1+ (50... axb5 $11 51. axb5 Qb6) 51. Rf1 ({Günstiger ist} 51. Kh2 $1 $16 {Und weiter mit Db2 wäre nett.} Qe5+ 52. Qg3 Qh5+ 53. Qh3 Qe5+ 54. Kh1) 51... Qd4+ 52. Rf2 (52. Kh1 $11) 52... Qa1+ $16 53. Kh2 $1 Qe5+ 54. Qg3 Qh5+ {[#]} 55. Kg1 $1 {zielt auf b6 ab.} Qd1+ $2 {[%mdl 8192] [#]} (55... axb5 $16 56. axb5 d4) 56. Rf1 $1 $18 {[%cal Rf1d1]} Qxa4 57. b6 Qb4 58. Qe3 $2 ({Weiss kommt nicht vorbei an} 58. Qf2 $18) 58... a5 $11 {Die Stellung ist ausgeglichen.} 59. Rf7 Qb2 {[%csl Ge4][%cal Rb2g2]} 60. Qf2 Qa1+ 61. Kh2 Qe5+ 62. Kg1 Qa1+ 63. Qf1 Qd4+ $1 64. Qf2 Qa1+ {Precision: Weiß = 63%, Schwarz = 44%.} 1/2-1/2

[Event "GAMMA Reykjavik Open 2018"]
[Site "Reykjavik"]
[Date "2018.03.08"]
[Round "4"]
[White "Perelshteyn, Eugene"]
[Black "Cumming, Rhys"]
[Result "1-0"]
[WhiteElo "2513"]
[BlackElo "2155"]
[Annotator "TA"]
[PlyCount "83"]
[EventDate "2018.03.14"]
[EventType "swiss"]
[EventCountry "ISL"]
[SourceTitle "playchess.com"]
[Source "ChessBase"]
[SourceQuality "1"]

{[%evp 24,83,54,55,73,55,72,68,79,71,75,73,66,63,81,54,75,72,76,71,137,120,121,110,104,101,102,95,133,120,120,101,128,91,644,639,871,853,832,312,310,315,328,310,29983,29984,29984,29985,29985,29986,29986,29987,29987,29988,29988,1992,29988,29989,29989,29990,29990,29991]} 1. c4 Nf6 2. g3 g6 3. Bg2 Bg7 4. Nc3 c5 5. Nf3 O-O 6. O-O Nc6 7. d4 cxd4 8. Nxd4 Nxd4 9. Qxd4 d6 10. Qd3 Qa5 11. h3 Be6 12. Bd2 {A39: Symmetrical English vs ...g6: 4 Bg2 Bg7 5 Nf3 Nf6 6 0-0 0-0 7 d4} Qc7 (12... Nd7 13. b3 Ne5 14. Qc2 Rfc8 15. Rac1 Rab8 16. Nb5 Qa6 17. Be3 b6 18. Qd2 Bd7 19. f4 Nc6 {1-0 (68) Van Wely,L (2667)-Balog,I (2548) Belgium 2017}) 13. b3 {LiveBook: 8 Games} Nd7 14. Rac1 $146 {White is better.} ({Predecessor:} 14. e4 Nc5 15. Qe2 a5 16. Rac1 a4 17. b4 Na6 18. Nd5 Bxd5 19. exd5 a3 {1-0 (43) Keilhack,H (2325)-Gritsch,G (2135) Wuerttenberg 1999}) 14... Ne5 15. Qe3 Qd7 16. Kh2 Nc6 17. Rfd1 Rac8 18. Be1 b6 19. Nd5 h5 20. f4 Bf5 {With the idea ...Bb2.} 21. Bc3 f6 (21... Be6 $142) 22. Qd2 $16 Bh6 23. Ne3 Be6 24. Qd3 Kf7 25. h4 Nd8 26. Bb2 Kg7 27. Be4 Bf7 28. Nd5 e5 $2 {[%mdl 8192] [#]} (28... Ne6 $16) 29. Nxf6 $1 $18 {[%mdl 512]} Kxf6 {[#]} 30. Bxe5+ $1 {[%mdl 512]} Ke7 (30... dxe5 31. Qxd7) 31. Qe3 $2 (31. Bxd6+ Ke8 32. c5 bxc5 33. Qa6) 31... dxe5 32. Rxd7+ Kxd7 33. Qd3+ Kc7 $2 (33... Ke7 $18 34. Rd1 (34. Bxg6 Rc6 $16) 34... Kf6 35. Qd6+ Ne6) 34. c5 {[%csl Gc5][%cal Rd3d6]} Nb7 35. cxb6+ Kxb6 36. Qe3+ Nc5 37. b4 {[%cal Bb3b4,Bb4c5][%mdl 32]} exf4 38. bxc5+ Kc7 39. Qa3 (39. Qd4 $142 fxg3+ 40. Kxg3 Rcd8 {[#]} 41. Qa4 $1 {[%mdl 512]} Rd7 42. c6 Bf4+ 43. Kg2 Kd8 44. Rf1) 39... Bd5 40. Qxa7+ {White mates.} Kd8 41. Rd1 fxg3+ 42. Kh3 {Precision: White = 48%, Black = 27%.} 1-0

[Event "GAMMA Reykjavik Open 2018"]
[Site "Reykjavik"]
[Date "2018.03.08"]
[Round "4"]
[White "Fernandez, Daniel Howard"]
[Black "Can, Emre"]
[Result "0-1"]
[WhiteElo "2505"]
[BlackElo "2603"]
[Annotator "TA"]
[PlyCount "76"]
[EventDate "2018.03.14"]
[EventType "swiss"]
[EventCountry "ISL"]
[SourceTitle "playchess.com"]
[Source "ChessBase"]
[SourceQuality "1"]

{[%evp 9,76,30,41,22,24,0,0,0,0,0,35,0,34,6,6,6,14,19,10,-39,-27,-13,-10,-10,-16,-58,0,0,0,-14,-16,-43,-17,-7,9,-12,-19,-25,-28,-53,-51,-41,-42,-50,-41,-49,-46,-97,-97,-160,-25,-35,-27,-327,-308,-555,-554,-515,-461,-522,-516,-1063,-1040,-939,-456,-1743,-1630,-1562,-1493]} 1. Nf3 c5 2. c3 Nf6 3. d4 Qa5 4. e3 g6 (4... d5 5. dxc5 Qxc5 6. b4 Qc7 7. Bb2 Bg4 8. Nbd2 e6 9. Qa4+ Nbd7 10. c4 Bxf3 11. Nxf3 dxc4 {0-1 (51) Rozhko,D (2353)-Kovalenko,I (2643) Dombai 2013}) 5. Bd3 Bg7 6. O-O {A46: 1 d4 Nf6 2 Nf3 e6: Torre, London and Colle Systems} d5 7. b4 $146 ({Predecessor:} 7. h3 O-O 8. b4 cxb4 9. cxb4 Qxb4 10. Ba3 Qa5 11. Bxe7 {½-½ (51) Ehrke,M (2224)-Wilde,D (2175) Bad Segeberg 2000}) 7... cxb4 8. cxb4 {The position is equal.} Qxb4 9. Ne5 Qa5 10. Qb3 Qb6 (10... O-O {feels hotter.} 11. Ba3 Re8 12. Nc3 Nc6 13. Rab1 Nd7) 11. Qa4+ Bd7 12. Nxd7 Nbxd7 {[%cal Bb8d7,Bd7b6,Bb6c4][%mdl 32]} 13. Ba3 Qd8 14. Nd2 a6 15. Rfc1 b5 16. Qb4 Nb6 17. Be2 Ra7 ({Black should play} 17... e6 $15) 18. Qa5 $11 Nc4 19. Nxc4 bxc4 20. Qxd8+ Kxd8 21. Rab1 Kd7 22. Bd1 Rc8 23. Ba4+ Kd8 24. Bc5 Rxc5 $1 25. dxc5 Ne4 26. Rb8+ Kc7 27. Rg8 Bf6 28. Be8 ({White should try} 28. g4 $15) 28... Nxc5 $17 {And now ...c3 would win.} 29. Bxf7 {[#]} (29. Rb1 $142) 29... e6 (29... c3 $1 $17 {Hoping for ...Nd3.} 30. Kf1 (30. Bxd5 $2 Nd3 $19) 30... Nd3) 30. Rb1 $11 c3 $36 {[%cal Bc4c3,Bc3c2][%mdl 2080] Black is more active.} 31. Rbb8 $2 {[%mdl 8192]} (31. Kf1 $1 $11) 31... Kd6 $19 {aiming for ...c2.} 32. Rgc8 $2 (32. Rb6+ Ke7 33. Rc8) 32... Rc7 {Black is clearly winning.} 33. Rxc7 Kxc7 {KRB-KBN} 34. Rb1 {intending Be8.} Nd3 35. Bxe6 (35. Rf1 $142 Kd6 36. Bg8) 35... c2 {[%cal Rc2b1] [#]} 36. Rf1 Kd6 (36... Bc3 $142 {Threatens to win with ...Be1.} 37. Bxd5 Ne1) 37. Bg8 (37. Bg4 $142) 37... Bc3 38. Bxh7 Ne1 {Precision: White = 30%, Black = 68%.} 0-1

[Event "GAMMA Reykjavik Open 2018"]
[Site "Reykjavik"]
[Date "2018.03.08"]
[Round "4"]
[White "Bartholomew, John"]
[Black "Maxion, Dirk"]
[Result "1-0"]
[WhiteElo "2477"]
[BlackElo "2187"]
[Annotator "TA"]
[PlyCount "181"]
[EventDate "2018.03.14"]
[EventType "swiss"]
[EventCountry "ISL"]
[SourceTitle "playchess.com"]
[Source "ChessBase"]
[SourceQuality "1"]

{[%evp 24,181,31,20,18,2,31,9,23,-15,-7,-18,-20,-17,10,11,25,18,10,0,30,27,31,28,27,19,22,0,12,13,14,0,22,22,25,8,9,13,14,0,0,0,11,6,17,0,1,0,22,13,22,4,20,8,35,19,58,56,70,67,70,58,58,55,55,48,60,56,104,102,97,35,35,34,109,6,75,75,87,75,94,75,85,13,38,23,38,0,55,35,38,0,46,45,45,0,48,14,47,0,87,87,87,46,87,72,87,87,87,87,87,87,87,76,87,0,87,87,87,87,87,87,94,59,59,0,204,218,213,59,68,59,108,59,59,59,68,66,66,47,66,0,66,66,112,108,156,145,162,158,163,159,395,388,1856,1716,2312,1807,29981,29981]} 1. d4 Nf6 2. Nf3 g6 3. Bg5 Bg7 4. Nbd2 d6 5. c3 Nbd7 6. e3 h6 7. Bh4 O-O 8. Bd3 Qe8 {A48: 1 d4 Nf6 2 Nf3 g6: Torre, London and Colle Systems} 9. O-O e5 10. e4 Nh5 (10... Nb6 11. a4 a5 12. Re1 Bd7 13. Bc2 Nh5 14. Nf1 Nf4 15. Bg3 Nh5 16. Bh4 Nf4 17. Ne3 Bc6 18. Bg3 Nh5 19. Bh4 Nf4 20. Bg3 Nh5 21. Bh4 {½-½ (21) Artemiev,V (2677)-Demchenko,A (2628) Skopje 2017}) 11. Re1 Nf4 12. Bf1 Nb6 13. Qc2 {LiveBook: 3 Games} Bd7 14. Rad1 f6 $146 ({Predecessor:} 14... Ne6 15. Bg3 Ng5 16. Nxg5 hxg5 {0-1 (30) Bogdanovski,V (2443)-D'Amore,C (2448) Mallorca 2004}) 15. c4 c5 16. dxc5 dxc5 17. Nb1 Bg4 18. Qb3 Ne6 19. h3 Bxf3 20. Qxf3 Nd4 21. Qd3 Na4 22. Rd2 Rd8 23. Qa3 Qc6 24. b3 Nb6 {[%cal Ba4b6,Bb6d7,Bd7f8,Bf8e6,Be6f4][%mdl 32]} 25. Qb2 h5 26. Nc3 Bh6 27. Rdd1 Kg7 28. f3 Rf7 29. Bd3 Nd7 30. Nd5 Nf8 31. b4 Nfe6 32. Bf2 b6 33. b5 Qd7 34. Bf1 Nf4 35. a4 Kh7 36. a5 Qd6 37. axb6 axb6 38. Ra1 Rb8 39. Ra6 Nfe6 40. Rea1 Bg7 41. Ra7 Rbb7 42. Rxb7 (42. R7a2 {is more complex.} f5 43. Nc3 Nf4 44. Qb1 Qe7 45. Ra8) 42... Rxb7 43. Ra3 Nc7 44. Qa2 Nde6 45. Ra7 Rxa7 46. Qxa7 Nxd5 47. exd5 (47. cxd5 $16 Nd8 48. g4) 47... Qc7 48. Qa8 Nd8 (48... Nd4 $1 $14) 49. Bd3 (49. Bh4 $1 $16) 49... Bf8 (49... f5 $11) 50. g4 $16 hxg4 51. hxg4 Kg7 52. Kg2 Bd6 53. Be3 (53. Qa2 $16) 53... Qb8 54. Qa1 {aiming for Qb1.} Nf7 55. Qb1 Nh8 (55... e4 $11 56. Bxe4 Qh8) 56. Qh1 Nf7 57. Qb1 Nh8 58. Qa2 Nf7 59. Qc2 Nh8 (59... e4 $5 60. Bxe4 Qh8 $14) 60. Qa4 Nf7 (60... e4 $5 61. Bxe4 Nf7 $16) 61. Bb1 Bc7 (61... e4 $11 62. Bxe4 Qh8) 62. Qc2 Nh8 63. Bd2 Qd8 64. Bc3 Kf7 65. Qe4 Qd6 66. Kf1 Qd7 67. Bd3 Bd6 68. Qe1 Qe7 69. Qe4 Qd7 $1 70. Ke1 Qe7 71. Kd1 Kg8 72. Kc2 Qh7 73. f4 Qh2+ 74. Bd2 ({White should play} 74. Kb3 $14) 74... Qh3 $2 (74... Kf8 $11 {and Black is okay.}) 75. fxe5 $18 fxe5 {[#]} 76. Bc3 $2 ({White must play} 76. Bg5 $1 $18) 76... Qh2+ $14 77. Kb3 Qg3 78. Bc2 Kg7 79. Kb2 Kg8 80. Qe2 Kg7 81. Kb3 Nf7 82. Qe4 Nh8 83. Bb1 $36 {[%mdl 2048] White is more active.} Kg8 84. Qe2 Kg7 {[#]} 85. Qa2 $1 Nf7 86. Qa7 Qxg4 87. Qxb6 Qd7 $2 (87... Qf4 $16 {is a better defense.} 88. Qa7 g5) 88. Qc6 $18 Qxc6 $2 (88... Qd8 89. b6 Ng5 90. Qb7+ Kf6) 89. dxc6 Bc7 90. Ka4 Nd8 91. Ba5 {Precision: White = 37%, Black = 38%.} 1-0